Ryan, Ryan or Ryan? Quiz Stats

 Plays Quiz Updated Apr 27, 2012

Challenge
Share
Tweet
Embed
Score 0/39 Timer 04:00
1 Play Today
Movie P / R / G % Correct
Green Lantern???
86.1%
The Proposal???
81.3%
The Notebook???
80.9%
Cruel Intentions???
79.2%
Drive???
78.3%
Crazy, Stupid, Love.???
77.7%
I Know What You Did Last Summer???
75.4%
National Lampoon's Van Wilder???
75.1%
Definitely, Maybe???
73.9%
Just Friends???
73.6%
Blue Valentine???
73.5%
X-Men Origins: Wolverine???
69.9%
54???
69.1%
Lars and the Real Girl???
68.3%
The Ides of March???
67.8%
Blade: Trinity???
67.5%
Crash???
66.3%
The Change-up???
66.2%
Adventureland???
64.8%
Flags of Our Fathers???
64.3%
Movie P / R / G % Correct
The Amityville Horror???
60.7%
The Lincoln Lawyer???
59.5%
Antitrust???
57.5%
Buried???
56.8%
Waiting…???
56.3%
All Good Things???
55.6%
Half Nelson???
54.8%
Stop-Loss???
54.1%
White Squall???
52.9%
Gosford Park???
52.3%
Smokin' Aces???
50.5%
MacGruber???
50%
Murder By Numbers???
44.7%
Fracture???
44.4%
Stay???
42%
Nowhere???
42%
The Believer???
38.8%
Igby Goes Down???
36.1%
The United States of Leland???
30.8%

You're not logged in!

Compare scores with friends on all Sporcle quizzes.
OR
Log In

You Might Also Like...

Show Comments

Extras

Top Quizzes Today


Score Distribution

Your Account Isn't Verified!

In order to create a playlist on Sporcle, you need to verify the email address you used during registration. Go to your Sporcle Settings to finish the process.

Report this User

Report this user for behavior that violates our Community Guidelines.

Details: